000
00289nam a22001217a 4500
005
20230721165952.0
008
230721b ||||| |||| 00| 0 eng d
040
_c
AL
041
_a
eng
245
_a
Study on peoples participation in the grama sabha
260
_c
2003
942
_2
ddc
_c
BK
999
_c
228061
_d
228061